Top 100 personaggi Dragon Ball - Statistics

Statistiche generali
  • Questo quiz è stato fatto 854 volte
    658 dall'ultimo reset
  • Il punteggio medio è 48 su 100
Statistiche sulle risposte
Hint Risposta % Corretto
1 Goku
100%
4 Vegeta
99%
5 Bulma
94%
2 Gohan
94%
20 Piccolo
93%
33 Trunks
93%
12 Freezer
92%
34 Goten
92%
51 Majin bu
89%
27 Cell
88%
6 Chichi
88%
31 C18
87%
95 Crilin
87%
30 C17
86%
7 Yamcha
82%
29 C16
80%
8 Tensing
78%
17 Nappa
77%
40 Mr Satan
73%
18 Radish
73%
37 Gogeta
72%
32 C19
69%
57 Broly
67%
44 Muten
66%
39 Videl
66%
65 Beerus
65%
35 Gotenks
64%
45 Shenron
64%
16 Dodoria
63%
42 Pan
62%
47 Dende
61%
28 Dr Gelo
60%
55 Kid bu
60%
94 Re Kaio
60%
66 Whis
60%
58 Bardack
59%
15 Zarbon
59%
13 Cooler
58%
68 Jiren
58%
50 Darbula
56%
24 Ginew
53%
49 Babidi
51%
70 Baby
50%
36 Vegeth
50%
25 Guldo
48%
9 Jaozi
48%
69 Toppo
48%
14 Re cold
47%
52 Super bu
46%
93 Ub
45%
79 Hit
43%
83 Supremo
43%
98 Zamasu
43%
67 Zeno
43%
99 Black goku
41%
96 Champa
40%
46 Polunga
40%
26 Recom
40%
10 Yajirobei
40%
61 Pilaf
39%
59 Janemba
38%
11 Re Vegeta
36%
86 Balzar
34%
48 Nail
34%
3 Son gohan
34%
41 Bra
33%
64 Kefla
31%
100 Cabba
30%
84 Caulifla
30%
22 Jeeth
30%
43 Bibidi
29%
85 Mr Popo
29%
71 Super C17
29%
97 Vados
29%
75 Kale
28%
19 Saibaiman
27%
80 Frost
26%
87 Baba
25%
21 Grande Mago Piccolo
25%
53 Evil bu
23%
77 Kibith
23%
72 Omega Shenron
23%
81 Oolong
23%
23 Butter
22%
60 Tapion
22%
74 Garlic Jr
21%
73 Li Shenron
19%
88 Lunch
18%
56 Pual
18%
63 Bojack
17%
76 Kaioshin il Sommo
17%
82 Re Yammer
15%
78 Paikuhan
14%
54 Fat bu
13%
89 Stregone del Toro
13%
92 Anziano Saggio
11%
38 Spopovitch
10%
91 Yamu
10%
90 Dr Brief
7%
62 Taipei
5%
Nessun quiz corrispondente trovato
Distribuzione punteggi
Percentuale di utenti per punteggio
Percentile per numero di risposta
I tuoi punteggi nel tempo
Non hai fatto questo quiz dall'ultimo reset